000 00386nam a2200169Ia 4500
005 20250603145916.0
008 250603s9999 xx 000 0 und d
020 _a9789789645305
050 _aHD 1021.A1.N54/
245 0 _ac
260 _aLagos, Nigeria
260 _bEstate surveyors and valuers
260 _c2019
300 _a154 p
650 _aLagos, Nigeria
942 _cBK
999 _c43212
_d43212